Witamy w Bibliotece Naukowej Instytutu Łączności!

Slovar' po programirovaniju : (Rekord nr 2116)

000 -LEADER
fixed length control field 00499 a2200133 4500
020 ## - INTERNATIONAL STANDARD BOOK NUMBER
International Standard Book Number 5200006406
100 1# - MAIN ENTRY--PERSONAL NAME
Personal name Borkovskij, A.B..
Relator term Autor
245 0# - TITLE STATEMENT
Title Slovar' po programirovaniju :
Remainder of title anglijskij, russkij, nemeckij, francuzskij. Około 5000 terminov /
Statement of responsibility, etc Borkovskij A.B., Zajcik B.I., Borovikova L.I..
260 ## - PUBLICATION, DISTRIBUTION, ETC. (IMPRINT)
Place of publication, distribution, etc Moskva :
Name of publisher, distributor, etc Russkij Jazyk,
Date of publication, distribution, etc 1991.
300 ## - PHYSICAL DESCRIPTION
Extent 286 s.;
Dimensions 24 cm.
700 1# - ADDED ENTRY--PERSONAL NAME
Personal name Zajcik, B.I..
Relator term Autor
700 1# - ADDED ENTRY--PERSONAL NAME
Personal name Borovikova, L.I..
Relator term Autor
710 2# - ADDED ENTRY--CORPORATE NAME
Corporate name or jurisdiction name as entry element Russkij Jazyk.
Relator term Wydawca
Relator code pbl
920 ## -
-- 5-200-00640-6

Brak dostępnych egzemplarzy.

Działa dzięki Koha